| 000 | 00512nam a2200133Ia 4500 | ||
|---|---|---|---|
| 008 | 160809s9999 xx 000 0 und d | ||
| 100 | _aHelou, Majed El. | ||
| 245 | 2 | _aA Novel ENF Extraction Approach for Region-of-Recording Identification of Media Recordings | |
| 245 | _cMajed El Helou, Abdel Wahab Turkmani, Rawan Chanouha and Samer Chaberbaji | ||
| 260 | _bComputer Science and Information Technology | ||
| 260 | _cApril 2016 | ||
| 650 | _xINFORMATION TECHNOLOGY | ||
| 856 | _uhttp://airccse.org/V6N52.html | ||
| 999 |
_c300088 _d300088 |
||